| 000 | 01026nac a22002531u 4500 | ||
|---|---|---|---|
| 010 | _a 91030370 | ||
| 020 | _a0471531049 : | ||
| 082 | 0 | 0 |
_a332.45 _bWAL |
| 090 |
_c7273 _d7273 |
||
| 100 | _aWalmsley, Julian. | ||
| 245 | 1 | 4 |
_aThe foreign exchange and money markets guide / _cJulian Walmsley. |
| 260 |
_aNew York : _bWiley,1992 _c1992. |
||
| 300 |
_axiv, 513 p. : _bill. ; _c25 cm. |
||
| 440 | 0 | _aWiley finance editions | |
| 500 | _aIncludes index. | ||
| 500 | _adistributer: Al-Ahram | ||
| 511 | _acatalogued by: wessam | ||
| 650 | 0 |
_aForeign exchange _xHandbooks, manuals, etc. |
|
| 650 | 0 |
_aMoney market _xHandbooks, manuals, etc. |
|
| 856 | 4 | 2 |
_3Contributor biographical information _uhttp://www.loc.gov/catdir/enhancements/fy0607/91030370-b.html |
| 856 | 4 | 2 |
_3Publisher description _uhttp://www.loc.gov/catdir/enhancements/fy0607/91030370-d.html |
| 856 | 4 | 2 |
_3Table of contents only _uhttp://www.loc.gov/catdir/enhancements/fy0607/91030370-t.html |
| 942 |
_cBB _k332.45WAL |
||
| 999 |
_c7273 _d7273 |
||